000 01296nac a22003011i 4500
003 EG-ScBUE
005 20250729091246.0
008 100906s1975 nyua f b 001 0 eng d
020 _a048661798X
040 _aEG-ScBUE
_beng
_erda
_cEG-ScBUE
_dEG-ScBUE
082 0 4 _a543.085
_bTOW
_222
100 1 _aTownes, Charles H.,
_eauthor.
_918416
245 1 0 _aMicrowave spectroscopy /
_cC. H. Townes, University professor of physics, University of California, A. L. Schawlow, professor of physics, Stanford University.
264 1 _aNew York :
_bDover Publications,
_c1975.
300 _axviii, 698 pages :
_billustrations ;
_c21 cm
336 _2rdacontent
_atext
_btxt
337 _aunmediated
_2rdamedia
_bn
338 _avolume
_bnc
_2rdacarrier
500 _a"An unabridged and corrected republication of the work first published in 1955 by the McGraw-Hill Book Company."
504 _aIncludes bibliographical references and index.
650 7 _aMicrowave spectroscopy.
_2BUEsh
_918417
650 7 _aGases
_xSpectra.
_2BUEsh
_918418
655 _vReading book
700 1 _aSchawlow, Arthur L.,
_d1921-
_eauthor.
_918419
856 4 2 _3Publisher description
_uhttp://www.loc.gov/catdir/description/dover032/74083620.html
942 _cBB
_2ddc
999 _c1857
_d1857